| Поле | Название | Значение |
| |
Тип записи |
a |
| |
Библиографический уровень |
m |
| 001 |
Контрольный номер |
RU/IS/BASE/217433441 |
| 005 |
Дата корректировки |
20210125172931.6 |
| 010 |
Индекс ISBN |
__ |
| a |
ISBN |
5-8183-0963-0 |
| d |
Цена |
240-00 |
| 101 |
Язык документа |
0_ |
| a |
Язык текста |
rus |
| 200 |
Заглавие и сведения об ответственности |
1_ |
| a |
Заглавие |
Театр в книжной и электронной среде |
| e |
Сведения, относящиеся к заглавию |
доклады шестых науч. чтений "Театральная книга между прошлым и будущим" |
| f |
Первые сведения об ответственности |
[сост. и науч. ред. А. А. Колганова] |
| 200 |
Заглавие и сведения об ответственности |
1_ |
| d |
Параллельное заглавие |
Theatre in book and digital media |
| 210 |
Выходные данные |
1_ |
| a |
Место издания |
М. |
| c |
Издательство |
Фаир-Пресс |
| d |
Дата издания |
2005 |
| 215 |
Физическое описание |
__ |
| a |
Объем |
381, [3] c. |
| 318 |
Примечание о действии |
__ |
| a |
Действие |
п |
| 330 |
Аннотация |
__ |
| a |
Аннотация |
В сборник докладов включены материалы по теме 2004 года - "Театр в книжной и электронной среде". Конференция была посвящена 40-летию Московского театра на Таганке. Работы научного и эссеистского характера, освещающие историю и эволюцию этого выдающегося театра, выделены в отдельную часть. |
| 601 |
Об организации (коллективе), мероприятии, произведении |
2_ |
| a |
Наименование коллектива, организации, произведения |
Московский театр на Таганке |
| 601 |
Об организации (коллективе), мероприятии, произведении |
2_ |
| a |
Наименование коллектива, организации, произведения |
Шестые научные чтения "Театральная книга между прошлым и будущим" |
| 601 |
Об организации (коллективе), мероприятии, произведении |
2_ |
| a |
Наименование коллектива, организации, произведения |
6 научные чтения "Театральная книга между прошлым и будущим" |
| 601 |
Об организации (коллективе), мероприятии, произведении |
2_ |
| a |
Наименование коллектива, организации, произведения |
"Театральная книга между прошлым и будущим", 6 научные чтения |
| 606 |
Тематические рубрики |
__ |
| a |
Основная рубрика |
Искусство |
| 606 |
Тематические рубрики |
__ |
| a |
Основная рубрика |
Библиотечное дело |
| 610 |
Ключевые слова |
0_ |
| a |
Ключевые слова |
история театров |
| a |
Ключевые слова |
научные чтения |
| a |
Ключевые слова |
театральная книга |
| a |
Ключевые слова |
театры |
| 686 |
Индексы других классификаций |
__ |
| a |
Индекс ББК |
85.33(2) |
| 686 |
Индексы других классификаций |
__ |
| a |
Индекс ББК |
78.30 |
| 801 |
Источник записи |
_0 |
| a |
Страна |
RU |
| b |
Организация |
ЦРБ, Белый Яр |
| 801 |
Источник записи |
_1 |
| a |
Страна |
RU |
| b |
Организация |
ЦРБ, Белый Яр |
| 852 |
Данные о местонахождении |
__ |
| j |
Шифр хранения |
85.33(2) |
| i |
Авторский знак |
Т 291 |
| p |
Инвентарный номер |
68201 |
| b |
Сигла хранения |
МО |
| 901 |
Тип документа |
__ |
| t |
Тип документа |
m |
| 905 |
Дата создания БЗ |
__ |
| a |
Дата создания БЗ |
2006.11.21 |
| 990 |
Данные о заказе (DOS) |
__ |
| j |
Количество экземпляров (DOS) |
1 |
| h |
N записи в КСУ для Б/У (DOS) |
2006-6 |